000 00762cam a2200217 a 4500
001 000017979
005 20200929165312.0
008 730516s1966 pr 000 j spa d
040 _aDO-SdBNP
_bspa
_cLC
_dBNPHU
082 _aPR863.44
_bM828c, 1966
100 1 _aMorales Cabrera, Pablo,
_d1866-1933.
_924135
245 1 0 _aCuentos /
_cPablo Morales Cabrera ; estudio biográfico-crítico Esther Melón Portalatín.
250 _a2a ed.
260 _aSan Juan, Puerto Rico :
_bInstituto de Cultura Puertorriqueña,
_c1966.
300 _a441 p. ;
_c23 cm.
650 4 _aCuentos puertorriqueños
_9249
650 4 _aLiteratura puertorriqueña
_ySIGLO XX
_95311
700 1 _aMelól Portalatín, Esther.
_938974
910 _aCatalogación derivada
049 _aBNGR
999 _c17501
_d17501